000 00645nam a2200181Ia 4500
008 090124s9999 xx 000 0 und d
082 _b7563
100 _aतोरडमल मधुकर
245 _a बाप बिलंदर बेटा कलंदर
250 _a1
260 _bमॅजेस्टिक बुक स्टॅाल
_c1975
300 _a93
600 _aतोरडमल मधुकर
630 _a बाप बिलंदर बेटा कलंदर
700 _aतोरडमल मधुकर
730 _a बाप बिलंदर बेटा कलंदर
942 _cBOOK
999 _c84937
_d84937